000
00208nam a22000857a 4500
008
160818b xxu||||| |||| 00| 0 eng d
100
_9
173
_a
Doyle A.C
245
_a
Sherlock Holmes
260
_a
New York
_b
Baronet Book
999
_c
2831
_d
2831